书目信息 |
| 题名: |
普通话基础
|
|
| 作者: | 马显彬 主编 | |
| 分册: | ||
| 出版信息: | 广州 暨南大学出版社 2000.03 |
|
| 页数: | 270页 | |
| 开本: | 20cm | |
| 丛书名: | 普通话教学丛书 | |
| 单 册: | ||
| 中图分类: | H102 | |
| 科图分类: | ||
| 主题词: | 普通话--pu tong hua--教材 | |
| 电子资源: | ||
| ISBN: | 7-81029-990-5 | |
| 000 | 00963nam 2200301 450 | |
| 001 | CAL 012002032650 | |
| 005 | 20050514094441.33 | |
| 010 | @a7-81029-990-5@d14.00CNY | |
| 035 | @a(011001)c2001017744 | |
| 099 | @aCAL 012002032650 | |
| 100 | @a20010319d2000 em y0chiy0110 ea | |
| 101 | 0 | @achi |
| 102 | @aCN@b440000 | |
| 105 | @aak z 000yy | |
| 200 | 1 | @a普通话基础@Apu tong hua ji chu@f马显彬主编@Fma xian bin zhu bian |
| 210 | @a广州@c暨南大学出版社@d2000.03 | |
| 215 | @a270页@c图@d20cm | |
| 225 | 2 | @a普通话教学丛书@Apu tong hua jiao xue cong shu |
| 330 | @a本书内容包括:普通话绪论、普通话语音、普通话声母、普通话韵母、普通话音变、普通话音节、普通话朗读、普通话水平测试。 | |
| 410 | 0 | @12001 @a普通话教学丛书 |
| 606 | 0 | @a普通话@Apu tong hua@j教材 |
| 690 | @aH102@v4 | |
| 700 | 0 | @4主编 |
| 701 | 0 | @a马显彬@Ama xian bin@4主编 |
| 801 | 0 | @aCN@bNLC@c20050514 |
| 905 | @a10447@dH102@eM1911 | |
| 906 | @dCNY14.00@n0@r1 | |
| 998 | @aECN | |
| 普通话基础/马显彬主编.-广州:暨南大学出版社,2000.03 |
| 270页:图;20cm.-(普通话教学丛书) |
| ISBN 7-81029-990-5:14.00CNY |
| 本书内容包括:普通话绪论、普通话语音、普通话声母、普通话韵母、普通话音变、普通话音节、普通话朗读、普通话水平测试。 |
| ● |
| 相关链接 |
|
|
|
正题名:普通话基础
索取号:H102/M1911
 
预约/预借
| 序号 | 登录号 | 条形码 | 馆藏地/架位号 | 状态 | 备注 |
| 1 | 532042 | 205320428 | 语言库209/209语言库 70排2列1层/ [索取号:H102/M1911] | 在馆 | |
| 2 | 532043 | 205320437 | 语言库209/209语言库 70排2列1层/ [索取号:H102/M1911] | 在馆 |